00661nam a2200205Ia 450000500170000000800410001702000180005804000180007604100080009408200210010210000230012324500810014625000120022726000490023930000280028865000360031665000320035265000410038465000300042520240808095009.0210716s2011 xx 000 0 und d a9788125942641 cAIMIT LIBRARY aeng a005.13311 bPANG aPanigrahi, Goutam. aObject oriented programming with c++ /cBy Goutam Panigrahi and Anirban Das. a1st ed. aNew Delhi :bVikas Publishing House ,c2011. axiv,249p. ;bPBc24 cm. aC++ language control statements aInheritance and reusability aVirtual function and dynamic binding aStandard template library